Irrigation Agronomy (Record no. 14402)
[ view plain ]
| 000 -LEADER | |
|---|---|
| fixed length control field | 00321nam a22001337a 4500 |
| 020 ## - INTERNATIONAL STANDARD BOOK NUMBER | |
| ISBN | 8185211817 |
| 082 ## - DEWEY DECIMAL CLASSIFICATION NUMBER | |
| Classification number | 631.587 |
| Item number | GAN/IR |
| 100 ## - MAIN ENTRY--AUTHOR NAME | |
| Personal name | Ganesaraja,V |
| 100 ## - MAIN ENTRY--AUTHOR NAME | |
| Personal name | Paulpandi,V.K |
| 245 ## - TITLE STATEMENT | |
| Title | Irrigation Agronomy |
| 260 ## - PUBLICATION, DISTRIBUTION, ETC. (IMPRINT) | |
| Place of publication | New Delhi |
| Name of publisher | Associated Publishing Company |
| Year of publication | 2010 |
| 300 ## - PHYSICAL DESCRIPTION | |
| Number of Pages | 237 |
| 942 ## - ADDED ENTRY ELEMENTS (KOHA) | |
| Koha item type | Books |
| Withdrawn status | Lost status | Damaged status | Collection code | Home library | Current library | Shelving location | Date acquired | Source of acquisition | Cost, normal purchase price | Full call number | Accession Number | Koha item type |
|---|---|---|---|---|---|---|---|---|---|---|---|---|
| KAUAET | KAUAET | General Stacks | 28/06/2016 | Scientific Book Centre, Kochi | 400.00 | 631.587 GAN/IR | 23968 | Books |
